LEADER 01254nam1 2200265 450 001 000008758 005 20080630113946.0 100 $a20071218g18871891km-y0itay50------ba 101 0 $aita 102 $aIT 105 $ay-------001yy 200 1 $aTrattato di diritto internazionale pubblico$fPasquale Fiore 205 $a3. ed. 210 $aTorino$cUnione tipografico editoriale$d1887-1891 215 $a3 v.$d22 cm 463 \1$1001000008759$12001 $a<>$eVolume primo 463 \1$1001000008760$12001 $aVolume secondo. Proprieta pubblica e privata, proprieta letteraria e industriale, marche di fabbrica, brevetti d'invenzione, trattati e loro esecuzione, agenti diplomatici, congressi, conferenze arbitrato secondo la dottrina e la giurisprudenza 463 \1$1001000013785$12001 $aVolume terzo. Dei diritti e doveri internazionali in tempo di guerra e della tutela giuridica dei medesimi ... 620 $aItalia$dTorino 676 $a341.026$v21$9Diritto internazionale. Trattati e giurisprudenza 700 1$aFiore,$bPasquale$0226548 801 0$aIT$bUNIPARTHENOPE$c20071218$gRICA$2UNIMARC 912 $a000008758 996 $aTrattato di diritto internazionale pubblico$9280983 997 $aUNIPARTHENOPE